000
00289nam a2200133Ia 4500
008
190216s9999||||xx |||||||||||||| ||und||
100
_a
Liptrot
245
0
_a
Modern Inorganic Chemistry
250
_a
4th Ed.
260
_b
Null
_c
1971
300
_a
472
650
_a
Chemistry
942
_c
BK
999
_c
2619
_d
2619